giáo trình kinh tế chính trị Mác Lênin

Na minha lista:
Detalhes bibliográficos
Autor principal: Bộ Giáo Dục và Đào Tạo
Formato: Livro
Idioma:Undetermined
Publicado em: Hà Nội Chính trị quốc gia 2004
Tags: Adicionar Tag
Sem tags, seja o primeiro a adicionar uma tag!
Thư viện lưu trữ: Trung tâm Học liệu Trường Đại học Cần Thơ
LEADER 00469nam a2200157Ia 4500
001 CTU_64333
008 210402s9999 xx 000 0 und d
020 |b 17500 
082 |a 335.412 
082 |b H108 
100 |a Bộ Giáo Dục và Đào Tạo 
245 0 |a giáo trình kinh tế chính trị Mác Lênin 
260 |a Hà Nội 
260 |b Chính trị quốc gia 
260 |c 2004 
980 |a Trung tâm Học liệu Trường Đại học Cần Thơ